[Event "Athens PAO CC-ch 16th"]
[Site "Athens"]
[Date "2024.02.02"]
[Round "3"]
[White "Vasilopoulos, Spyridon"]
[Black "Kalonomos, Ioannis"]
[Result "1/2-1/2"]
[WhiteElo "1151"]
[BlackElo "1344"]
[PlyCount "57"]
[EventDate "2024.01.19"]
[EventType "swiss"]
[EventRounds "7"]
[EventCountry "GRE"]
[SourceTitle "CB16_2024"]
[SourceDate "2024.04.17"]
[SourceVersion "1"]
[SourceVersionDate "2024.04.17"]
[SourceQuality "1"]

1. d4 d5 2. c4 e6 3. Nc3 h6 4. Bf4 Bd6 5. Bxd6 Qxd6 6. e3 Nf6 7. cxd5 exd5 8. Bd3 0-0 9. h3 c6 10. Nf3 Nbd7 11. 0-0 Re8 12. Rb1 Ne4 13. Qc2 Ndf6 14. b4 a6 15. a4 b5 16. axb5 axb5 17. Qb3 Bf5 18. Rfd1 Qe6 19. Kf1 Bxh3 20. Bxe4 dxe4 21. Qxe6 Rxe6 22. Ne5 Bf5 23. Ra1 Rc8 24. Ra6 Nd5 25. Nxd5 cxd5 26. Ra5 Rb6 27. Ra7 Rc3 28. Rxf7 Be6 29. Re7 1/2-1/2